| 000 | 00640nam a2200169 a 4500 | ||
|---|---|---|---|
| 005 | 20210223120523.0 | ||
| 008 | 991125s1966 ea 000 0 spa u | ||
| 035 | _aUPN01000002764 | ||
| 049 | _aCG | ||
| 050 | 4 |
_aHA47 _bJ6.28 |
|
| 100 | 1 |
_aJohnston, John, _d1923-2003 _930217 |
|
| 245 | 1 | 0 |
_aAnálisis estadístico de los costos : _bfunciones estadíticas de los costos, problemas del análisis estadístico, verificación del resultado del análisis / _cJ. Johnston ; tr. Alejandro Pedros Abelló. |
| 260 |
_aNew York : _bMcGraw-Hill, _c1966. |
||
| 300 |
_a266 p. : _bgráfs., tablas |
||
| 650 | 4 |
_aCOSTOS DE PRODUCCION _911571 |
|
| 905 | _aLibro | ||
| 999 |
_c2764 _d2764 |
||